01332nam a2200337Ia 4500001001200000003000800012006001900020007001500039008004100054010001700095020002500112020002200137040002100159035002100180050002600201100002100227245008000248250001200328260004500340300002600385500002000411533015200431650006300583650007300646650004200719650004400761655002900805710001700834856012600851999001700977ebr10282713CaPaEBRm u cr cn|||||||||080914s2009 maua sf 001 0 eng d z 2008935092 z9781598638677 (pbk.) z159863867X (pbk.) aCaPaEBRcCaPaEBR a(OCoLC)43316610214aTK7881.4b.O95 2009eb1 aOwsinski, Bobby.14aThe recording engineer's handbookh[electronic resource] /cBobby Owsinski. a2nd ed. aBoston, MA :bCourse Technology,cc2009. axviii, 401 p. :bill. aIncludes index. aElectronic reproduction.bPalo Alto, Calif. :cebrary,d2009.nAvailable via World Wide Web.nAccess may be limited to ebrary affiliated libraries. 0aSoundxRecording and reproducingvHandbooks, manuals, etc. 0aSound recordingsxProduction and directionvHandbooks, manuals, etc. 0aMusic tradevHandbooks, manuals, etc. 0aSound studiosvHandbooks, manuals, etc. 7aElectronic books.2local2 aebrary, Inc.40uhttp://site.ebrary.com/lib/rucke/Doc?id=10282713zAn electronic book accessible through the World Wide Web; click to view c18515d18515